| 000 | 00533nam a2200193 a 4500 | ||
|---|---|---|---|
| 001 | 1769854927505 | ||
| 003 | YourLibrary | ||
| 005 | 20260131162125.0 | ||
| 008 | 260131s2001##################000#0#eng## | ||
| 020 | _a9780321078162 | ||
| 082 | 0 | 4 |
_a330.9470854 _bGRE |
| 100 | 1 |
_aGregory, Paul R., _eauthor. |
|
| 245 | 1 | 0 | _aRussian and Soviet Economic Performance and Structure : |
| 260 |
_bPearson, _c2001. |
||
| 300 | _a516 pages | ||
| 650 | 0 | _aBusiness & Economics. | |
| 942 | _cENGLISH | ||
| 040 |
_aYourLibrary _beng _cYourLibrary |
||
| 999 |
_c609559 _d609559 |
||